Panduan mengingati Allah

Bibliographic Details
Corporate Author: Title
Other Authors: Muhammad At-Thahali Ar-Roawi
Format: Book
Published: Kuala Lumpur : Crescent News , 2001
Subjects:

MARC

LEADER 00000cam a2200000 7i4500
001 0000013003
005 20080107.0
008 080107
020 |a 9830611655 
090 0 0 |a 297.57   |b PAN 
245 1 0 |a Panduan mengingati Allah   |c Penyusun Muhammad At-Thahali Ar-Roawi 
260 |a Kuala Lumpur :   |b Crescent News ,   |c 2001 
650 0 |a Islamic ethics 
700 0 |a Muhammad At-Thahali Ar-Roawi 
710 0 |a Title 
999 |a 0000924506   |b Book   |c Adult Collection   |e Cawangan Bukit Gambir 
999 |a 0000924507   |b Book   |c Adult Collection   |e Cawangan Bukit Gambir 
999 |a 0000933028   |b Book   |c Adult Collection   |e Cawangan Tangkak 
999 |a 0001009266   |b Book   |c Adult Collection   |e Perbadanan Perpustakaan Awam Johor